| 000 | 00443nam a2200097Ia 4500 | ||
|---|---|---|---|
| 008 | 170517s9999 xx 000 0 und d | ||
| 245 | _aFat Head | ||
| 300 | _aWhile most people saw the documentary Super Size Me as an expose of the fast food industry, comedian and former health writer Tom Naughton saw it as a dare: He'd show that you could lose weight on a diet... | ||
| 650 | _xTechnology. | ||
| 856 | _uhttp://topdocumentaryfilms.com/fat-head/ | ||
| 999 |
_c335033 _d335033 |
||